| 000 | 01116nam a2200313 i 4500 | ||
|---|---|---|---|
| 001 | 184374 | ||
| 003 | ES-MaACL | ||
| 005 | 20250526063014.0 | ||
| 008 | 150729s1990 sp |||| | spa d | ||
| 020 | _a84-7223-150-X | ||
| 040 |
_aSpMaBN _bspa _cSIC |
||
| 080 | _a820(417)-31"19" | ||
| 100 | 1 |
_aBeckett, Samuel, _d1906-1989 _9240713 |
|
| 245 | 1 | 0 |
_aManchas en el silencio _b: El mundo y el pantalón ; La imagen ; Fuera todo lo estraño ; Mal visto mal dicho / _cSamuel Beckett ; edición de Jenaro Talens ; traducción de Jenaro Talens y Juan V. Martínez Luciano. |
| 250 | _a1ª ed. | ||
| 260 |
_aBarcelona : _bTusquets, _c1990. |
||
| 300 |
_a127 p. ; _c21 cm. |
||
| 490 | 1 |
_aMarginales ; _v106 |
|
| 700 |
_aTalens, Jenaro, _d1946- _9235316 |
||
| 700 | 1 |
_aMartínez Luciano, Juan Vicente. _978196 |
|
| 740 | 3 | 2 | _aEl mundo y el pantalón. |
| 740 | 3 | 2 | _aLa imagen. |
| 740 | 0 | 2 | _aFuera todo lo extraño. |
| 740 | 0 | 2 | _aMal visto mal dicho. |
| 830 | 0 | 0 |
_aMarginales ; _v106 _9236110 |
| 852 |
_aES-MaACL _jL-30127 _z.- Donat. Miguel A. Velasco |
||
| 942 | _2udc | ||
| 999 |
_c184374 _d184374 |
||